kku e-library facility

Intellectual Property Crime (Record no. 117)

MARC details
000 -LEADER
fixed length control field 00394nam a22001337a 4500
005 - DATE AND TIME OF LATEST TRANSACTION
control field 20260115110709.0
008 - FIXED-LENGTH DATA ELEMENTS--GENERAL INFORMATION
fixed length control field 260115b |||||||| |||| 00| 0 eng d
020 ## - INTERNATIONAL STANDARD BOOK NUMBER
International Standard Book Number 9789352695072
100 ## - MAIN ENTRY--PERSONAL NAME
Personal name Sharma Devendra Kumar
Dates associated with a name 2020
245 ## - TITLE STATEMENT
Title Intellectual Property Crime
Statement of responsibility, etc. / Devendra Kumar Sharma
260 ## - PUBLICATION, DISTRIBUTION, ETC.
Place of publication, distribution, etc. New Delhi;
Name of publisher, distributor, etc. Random Publications;
Date of publication, distribution, etc. 2020
300 ## - PHYSICAL DESCRIPTION
Extent 24cm
Dimensions viii; 264p.
942 ## - ADDED ENTRY ELEMENTS (KOHA)
Source of classification or shelving scheme Library of Congress Classification
Suppress in OPAC No
Koha item type Books

No items available.

©2025 All rights reserved. KKU